000 00476pab a2200169 454500
008 180718b2012 xxu||||| |||| 00| 0 eng d
100 _aMaynard-Moody, Steven
245 _aSocial equities and inequities in practice: Street level workers as agents and pragmalists
260 _c2012
300 _ap.S16-S23.
362 _aNov-Dec
650 _aSocial inequality
700 _aMusheno, Michael
773 _aPublic Administration Review
908 _aN
909 _a98761
999 _c98760
_d98760